000 00434nam a2200169 a 4500
001 0002
005 20140414131913.0
008 040726s19uu xx 00 eng d
020 _a2-89429-541-3
050 _aER
_bF49 1994
245 _aFinnegan finds a friend.
260 _aMontreal, Canada :
_bTormont Pub.,
_c1994.
300 _a1 v. : ill. ; cm.
650 _aCats
_xFiction.
650 _aChildren stories.
999 _c111305
_d111305